Statistics for Christian Feasts and Fasts

Click here to take the quiz!

General Stats

  • This quiz has been taken 71 times
    (61 since last reset)
  • The average score is 14 of 44

Answer Stats

DateName% Correct
December 25The Nativity (Christmas)
100%
First Sunday on or after November 27Advent Sunday
77%
7 days before EasterPalm Sunday
77%
2 days before EasterGood Friday
69%
January 6The Epiphany
69%
The Sunday after the full moon that occurs on or after March 21 Easter Day
62%
3 days before EasterMaundy Thursday
62%
47 days before EasterShrove Tuesday (Mardi Gras)
62%
49 days after EasterDay of Pentecost (Whitsunday)
54%
December 26Saint Stephen
54%
46 days before EasterAsh Wednesday
54%
November 1All Saints' Day
54%
November 30Saint Andrew
38%
39 days after EasterAscension Day
38%
56 days after EasterTrinity Sunday
38%
March 25The Annunciation
38%
February 2The Presentation (Candlemas)
38%
December 28The Holy Innocents
31%
January 1The Holy Name
31%
Sepember 14Holy Cross Day
23%
December 27Saint John
23%
First Sunday on or after January 7The Baptism
23%
January 25The Conversion of Saint Paul
23%
November 2Commemoration of the Faithful Departed (All Souls' Day)
23%
April 25Saint Mark
23%
Sepember 29Michael and All Angels
23%
March 19Saint Joseph
23%
August 6The Transfiguration
23%
June 24The Nativity of John the Baptist
23%
August 15Saint Mary
23%
June 29Saint Peter and Saint Paul
15%
May 31The Visitation
15%
December 21Saint Thomas
8%
May 1Saint Philip and Saint James, son of Alphaeus
8%
June 11Saint Barnabas
8%
January 18The Confession of Saint Peter
8%
August 24Saint Bartholomew
8%
July 25Saint James, son of Zebedee
8%
February 24Saint Matthias
8%
October 28Saint Simon and Saint Jude
8%
October 23James of Jerusalem
8%
October 18Saint Luke
8%
Sepember 21Saint Matthew
8%
July 22Saint Mary Magdalene
8%

Score Distribution

Percentile by Number Answered

Percent of People with Each Score

Your Score History

You have not taken this quiz since the last reset